000 00364nam a2200109Ia 4500
008 180205s9999 xx 000 0 und d
020 _a971642070
100 _aZaide, Gregorio F.
245 _aJose Rizal :
_blife, works, and writings of a genius, writer, scientist and national hero
260 _aQuezon City
_bAll nations publishing
_c2012
300 _aix, 438 pages
999 _c354958
_d354958